| 000 | 00653nam a2200193 a 4500 | ||
|---|---|---|---|
| 001 | BRCA_549 | ||
| 005 | 20190320203046.0 | ||
| 008 | 940325s1982 ag-a---##d---f000-0cspa-d | ||
| 040 |
_aDLC _cDLC |
||
| 050 | 4 |
_aN6630 _b.P76 1982 |
|
| 245 | 1 | 0 | _aProvincia de corrientes. |
| 260 |
_aBuenos Aires _bAcademia Nacional de Bellas Artes _c1982 |
||
| 300 |
_a218 p. _bil. (algunas a color) _c27 cm. |
||
| 440 | 0 |
_aPatrimonio artístico nacional : inventario de bienes muebles _91831 |
|
| 500 | _aIncluye índice de nombres, índice de objetos e índice geográfico | ||
| 650 | 1 | 4 |
_aArte argentino _91832 |
| 650 | 1 | 4 |
_aArte colonial _zArgentina _91833 |
| 942 |
_2lcc _cB |
||
| 999 |
_c480 _d480 |
||